| 000 | 00373nam a2200121Ia 4500 | ||
|---|---|---|---|
| 008 | 220615s9999||||xx |||||||||||||| ||und|| | ||
| 100 | _aSatish B. Sonar | ||
| 245 | 0 | _aAdvances in Shoulder Surgery | |
| 546 | _aEnglish[eng] | ||
| 650 | _aMedicine||Surgery||Orthopedics||Health Sciences | ||
| 856 | _uhttps://www.intechopen.com/books/advances-in-shoulder-surgery | ||
| 942 | _cEB | ||
| 999 |
_c7520 _d7520 |
||